000 00313nam a2200133Ia 4500
008 150201s2009 xx 000 0 und d
082 _a615
_bP09S
100 _aSETH,VIMLESH/SD
245 _aTB OF PHARMACOLOGY
250 _a3RD
260 _bELSEVIER
_aDELHI
_c2009
650 _aPHARMACOLOGY
942 _2ddc
_cBK
_01
999 _c1187
_d1187